[Event "WSCC  M65 2019"]
[Site "Bucharest"]
[Date "2019.11.12"]
[Round "1.33"]
[White "Candea, Gheorghe"]
[Black "Vaganian, Rafael A"]
[Result "0-1"]
[WhiteElo "2005"]
[BlackElo "2514"]
[Annotator "TA"]
[PlyCount "17"]
[EventDate "2019.11.12"]
[EventType "swiss"]
[EventCountry "ROU"]
[SourceTitle "playchess.com"]
[Source "ChessBase"]
[SourceQuality "1"]

{[%evp 14,17,21,19,34,14]} 1. e4 Nf6 2. Nc3 d5 3. exd5 Nxd5 4. Bc4 Nb6 5. Bb3 Nc6 6. Nf3 Bf5 7. d3 e6 8. O-O Bg4 {B02: Alekhine's Defence: Chase Variation and lines with early Nc3} (8... Be7 9. Ne4 O-O 10. Be3 Na5 11. Qe1 Nxb3 12. axb3 {½-½ (12) Haag,G (1991)-Haase,R (2085) Erfurt 2016}) 9. d4 $146 {[%mdl 32768] Loss on time!?} ({Predecessor:} 9. h3 Bh5 10. g4 Bg6 11. Re1 Be7 12. a4 a5 13. Bf4 O-O 14. Nb5 Rc8 15. Qe2 Bf6 16. Rad1 {½-½ (46) Unal,O (1807)-Akdogan,A (1951) Manavgat 2015}) 0-1

[Event "WSCC  M65 2019"]
[Site "Bucharest"]
[Date "2019.11.12"]
[Round "1.34"]
[White "Vaisser, Anatoli"]
[Black "Miulescu, Gabriel"]
[Result "1/2-1/2"]
[WhiteElo "2497"]
[BlackElo "2004"]
[Annotator "TA"]
[PlyCount "82"]
[EventDate "2019.11.12"]
[EventType "swiss"]
[EventCountry "ROU"]
[SourceTitle "playchess.com"]
[Source "ChessBase"]
[SourceQuality "1"]

{[%evp 11,82,35,39,-4,17,-5,-2,0,0,0,10,15,35,0,13,8,15,0,0,0,0,0,0,-78,44,43,67,-122,-134,-119,-131,-112,-120,-118,-127,-136,-115,-108,-71,-56,-14,-47,-37,-72,-49,-82,-17,-83,-41,-39,-41,-41,-41,-45,-47,-180,0,0,0,-173,-8,-8,-9,-9,0,0,0,0,0,0,0,0,0]} 1. d4 Nf6 2. c4 g6 3. Nc3 d5 4. cxd5 Nxd5 5. e4 Nxc3 6. bxc3 Bg7 7. Bg5 {D85: Exchange Grünfeld: Unusual White 7th moves and lines with 7 Nf3} O-O 8. Qd2 c5 {[%cal Rc5d4]} 9. d5 Qd6 10. Nf3 Bg4 11. Be2 Nd7 12. O-O Bxf3 $146 ({Predecessor:} 12... b5 13. Bxb5 Bxf3 14. gxf3 Ne5 {1-0 (85) Goganov,A (2612)-Ragger,M (2687) St Petersburg 2018}) 13. Bxf3 b5 14. Rab1 Rab8 15. Be2 c4 16. f4 e6 17. Rfd1 (17. e5 $11 Qc5+ 18. Qd4) 17... Nb6 (17... Nc5 $17 18. Qc2 h6) 18. Rxb5 $14 exd5 19. exd5 $2 (19. e5 $14 {stays ahead.} Qc6 20. Ra5) 19... Na4 $17 {[%mdl 64] Discovered Attack} 20. Rxb8 Rxb8 21. Bf3 Nxc3 22. Rc1 Qc5+ 23. Kh1 Nb5 $1 24. f5 c3 25. Qd3 Bd4 26. fxg6 hxg6 27. h4 Kg7 28. h5 Rh8 (28... Re8 $1 $17 {Threatens to win with ...Be3.} 29. a4 Na3) 29. g4 (29. Qe2 $11) 29... gxh5 {[%mdl 64] Overworked Piece} 30. gxh5 Rxh5+ 31. Bxh5 Qxd5+ {[%mdl 64] Double Attack} 32. Qf3 Qxg5 33. Rf1 {[#]} (33. Re1 $1 $15 Kh6 34. Bxf7) 33... Qh4+ $2 ({Black should play} 33... f5 $1 $19 34. a4 (34. Qxf5 $2 Qxf5 35. Rxf5 c2 $19) 34... Qh4+ 35. Kg2 Be5) 34. Kg2 $11 Qg5+ 35. Kh3 $2 {[#]} (35. Kh1 $1 $11 c2 36. Qxf7+ Kh6 37. Qe6+ Kxh5 38. Qe2+ Kh6 39. Qxc2) 35... Qe3 $2 (35... Bf6 $1 $19 {aiming for ...c2.} 36. Qg3 c2) 36. Qxe3 {The position is equal.} Bxe3 {KRB-KBN} 37. Bd1 $1 ({Not} 37. Rxf7+ $2 Kg8 $19) 37... Nd4 {Hoping for ...f5.} (37... Na3 $5 38. Re1 $8 Bh6 $11) 38. Re1 $1 {[%cal Re1e3]} Bh6 {And now ...c2 would win.} 39. Re7 $1 c2 {[#]} 40. Bxc2 $1 {[%mdl 512]} Nxc2 41. Rxa7 Be3 {Accuracy: White = 44%, Black = 36%.} 1/2-1/2

[Event "WSCC  M65 2019"]
[Site "Bucharest"]
[Date "2019.11.12"]
[Round "1.35"]
[White "Syzdykov, Sabyr"]
[Black "Sveshnikov, Evgeny"]
[Result "0-1"]
[WhiteElo "2004"]
[BlackElo "2485"]
[Annotator "TA"]
[PlyCount "40"]
[EventDate "2019.11.12"]
[EventType "swiss"]
[EventCountry "ROU"]
[SourceTitle "playchess.com"]
[Source "ChessBase"]
[SourceQuality "1"]

{[%evp 15,40,-20,-25,-41,-37,-46,-40,-37,-47,-48,-45,-66,-74,-116,-102,-166,-158,-160,-165,-156,-158,-170,-145,-713,-701,-697,-676]} 1. d4 d5 2. Nf3 Nf6 3. c4 e6 4. Nc3 c6 5. Bg5 h6 6. Bh4 dxc4 7. a4 b5 8. e3 Bb4 9. Qc2 {D43: Semi-Slav: 5 Bg5 h6} Bb7 10. Be2 Nbd7 11. O-O {Black is slightly better.} a6 12. Rfd1 (12. Ne5 Be7 13. f4 O-O {½-½ (84) Adly,A (2619)-Nihal,S (2485) Abu Dhabi 2017}) 12... Be7 13. e4 O-O 14. e5 Nd5 15. Bg3 (15. Bxe7 $17 {keeps fighting.} Qxe7 16. Qd2) 15... Qb6 $146 ({Predecessor:} 15... Nxc3 16. bxc3 {0-1 (43) Csiszar,C (2450)-Kantorik,M (2356) Szombathely 2009}) 16. Qe4 c5 {[#] ...Nxc3 is the strong threat.} 17. Qg4 f5 18. exf6 N7xf6 ({Worse is} 18... Bxf6 19. Ne5 $11) ({Much less strong is} 18... N5xf6 19. Qh3 $15) 19. Qg6 $2 {[%mdl 8192]} (19. Qh3 $17) 19... Nxc3 20. bxc3 Be4 {Accuracy: White = 23%, Black = 96%.} 0-1

[Event "WSCC  M65 2019"]
[Site "Bucharest"]
[Date "2019.11.12"]
[Round "1.36"]
[White "Balashov, Yuri S"]
[Black "Zhelesny, Stanislav"]
[Result "1-0"]
[WhiteElo "2457"]
[BlackElo "2003"]
[Annotator "RC"]
[PlyCount "37"]
[EventDate "2019.11.12"]
[EventType "swiss"]
[EventCountry "ROU"]
[SourceTitle "playchess.com"]
[Source "ChessBase"]
[SourceQuality "1"]
[TimeControl "40/5400+30:1800+30"]

1. e4 {[%emt 0:00:00]} c6 {[%emt 0:00:00]} 2. c4 {[%emt 0:01:10]} g6 {[%emt 0:02:28]} 3. Nc3 {[%emt 0:00:30]} Bg7 4. d4 d6 5. Nf3 {[%emt 0:01:00]} Bg4 6. Be2 Nf6 {[%emt 0:02:00]} 7. O-O {[%emt 0:01:00]} O-O {[%emt 0:00:30]} 8. Be3 {[%emt 0:02:39]} Nbd7 {[%emt 0:05:57]} 9. Qd2 {[%emt 0:05:25]} Rb8 {[%emt 0:17:52]} 10. h3 {[%emt 0:03:06]} Bxf3 {[%emt 0:00:12]} 11. Bxf3 {[%emt 0:00:06]} b5 {[%emt 0:02:55]} 12. cxb5 {[%emt 0:01:16]} cxb5 {[%emt 0:00:07]} 13. a3 {[%emt 0:01:47]} a6 {[%emt 0:01:33]} 14. Rac1 {[%emt 0:03:42]} Qa5 {[%emt 0:04:34]} 15. Nd5 {[%emt 0:09:57]} Qd8 {[%emt 0:02:35]} 16. Nb4 {[%emt 0:01:17]} Qa5 {[%emt 0:03:46]} 17. Qd3 {[%emt 0:03:15]} Rbe8 {[%emt 0:03:50]} 18. Nc6 {[%emt 0:00:18]} Qb6 {[%emt 0:04:17]} 19. e5 {[%emt 0:01:24]} 1-0

[Event "WSCC  M65 2019"]
[Site "Bucharest"]
[Date "2019.11.12"]
[Round "1.37"]
[White "Alquist, Erik"]
[Black "Jansa, Vlastimil"]
[Result "1-0"]
[WhiteElo "2003"]
[BlackElo "2436"]
[Annotator "NA"]
[PlyCount "104"]
[EventDate "2019.11.12"]
[EventType "swiss"]
[EventCountry "ROU"]
[SourceTitle "playchess.com"]
[Source "ChessBase"]
[SourceQuality "1"]
[TimeControl "40/5400+30:1800+30"]

1. e4 {[%emt 0:00:00]} c5 {[%emt 0:00:00]} 2. Nf3 {[%emt 0:00:00]} Nc6 {[%emt 0:00:00]} 3. d4 {[%emt 0:00:00]} cxd4 {[%emt 0:00:00]} 4. Nxd4 {[%emt 0:00:00]} e6 {[%emt 0:00:00]} 5. Nc3 {[%emt 0:00:27]} d6 {[%emt 0:00:19]} 6. Be3 {[%emt 0:00:30]} Nf6 7. Qe2 {B80: Sicilian Scheveningen: 6 g3 and 6 Be3, including English Attack} (7. f3 Be7 8. Qd2 O-O 9. O-O-O d5 10. Be2 dxe4 11. Nxc6 bxc6 12. Qxd8 Bxd8 13. Nxe4 Nxe4 14. fxe4 Bb6 15. Bxb6 axb6 16. a3 Ba6 17. Bxa6 Rxa6 18. Rd6 {1-0 (78) Saric,I (2689)-Korobov,A (2685) Biograd 2018}) 7... a6 {[%emt 0:04:18]} 8. O-O-O {[%emt 0:00:42]} Qc7 {[%emt 0:12:17]} 9. g4 {[%emt 0:04:43]} Nxd4 {[%emt 0:02:16]} 10. Rxd4 {[%emt 0:00:39]} b5 {[%emt 0:00:38]} 11. g5 {[%emt 0:04:58]} Nd7 {[%emt 0:01:07]} 12. f4 Bb7 {[%emt 0:06:13]} 13. Bg2 {[%emt 0:03:59]} Nb6 $146 {[%emt 0:09:16]} ({Predecessor:} 13... Rc8 14. f5 e5 {0-1 (38) Rabatin,J (2286)-Jansa,V (2446) Ostrava 2017}) 14. Kb1 {[%emt 0:03:52]} h6 {[%emt 0:14:21]} 15. g6 {[%emt 0:12:27]} Nc4 {[%emt 0:03:41]} 16. gxf7+ {[%emt 0:06:19]} Qxf7 {[%emt 0:00:13]} 17. Bc1 {[%emt 0:03:11]} Be7 {[%emt 0:03:17]} 18. Rg1 {[%emt 0:02:16]} O-O-O {[%emt 0:09:49]} 19. Rxc4+ {[%emt 0:05:18]} bxc4 {[%emt 0:02:01]} 20. Qxc4+ {[%emt 0:00:08]} Kb8 {[%emt 0:00:21]} 21. Be3 {[%emt 0:01:29]} Bf6 {[%emt 0:08:28]} 22. Na4 {[%emt 0:04:25]} d5 {[%emt 0:04:40]} 23. exd5 {[%emt 0:03:18]} Bxd5 {[%emt 0:00:51]} 24. Bxd5 {[%emt 0:03:10]} exd5 {[%emt 0:00:10]} 25. Qxa6 {[%emt 0:02:42]} Qb7 {[%emt 0:00:40]} 26. Qa5 {[%emt 0:06:01]} d4 {[%emt 0:01:01]} 27. Nc5 {[%emt 0:02:26]} Qc6 {[%emt 0:01:22]} 28. Bd2 {[%emt 0:03:30]} Rd5 {[%emt 0:03:31]} 29. b4 {[%emt 0:01:20]} Re8 {[%emt 0:05:10]} 30. f5 {[%emt 0:02:28]} Re7 {[%emt 0:02:21]} 31. Bf4+ {[%emt 0:04:16]} Kc8 {[%emt 0:00:06]} 32. Qa3 {[%emt 0:06:13]} Rxc5 {[%emt 0:02:34]} 33. bxc5 {[%emt 0:00:38]} Rb7+ {[%emt 0:00:29]} 34. Kc1 {[%emt 0:00:43]} d3 {[%emt 0:00:44]} 35. Qxd3 {[%emt 0:04:09]} Qxc5 {[%emt 0:00:50]} 36. Be3 {[%emt 0:00:52]} Qa5 {[%emt 0:01:18]} 37. Qc4+ {[%emt 0:02:02]} Rc7 {[%emt 0:00:51] [#]} 38. Qe6+ {[%emt 0:01:50]} (38. Qg8+ $1 $18 Bd8 39. Qe6+ Rd7 40. Bd4) 38... Kb7 $18 {[%emt 0:00:23]} (38... Rd7 $16 39. Qg8+ Kb7 40. Qb3+ Ka8) 39. Qb3+ {[%emt 0:01:21]} Ka6 {[%emt 0:01:31]} 40. Rd1 {[%emt 0:00:00]} Rc6 {[%emt 0:00:00]} 41. a4 {[%emt 0:13:43]} Qe5 {[%emt 0:10:55]} 42. Qd3+ {[%emt 0:04:41]} Kb7 {[%emt 0:00:13]} 43. Qb5+ {[%emt 0:06:20]} Qxb5 {[%emt 0:00:08]} 44. axb5 {[%emt 0:00:02]} Rc4 {[%emt 0:00:12]} 45. Rd3 {[%emt 0:01:52]} Rb4 {[%emt 0:02:23]} 46. b6 {[%emt 0:01:11]} Kc6 {[%emt 0:09:56]} 47. Rb3 {[%emt 0:01:38]} Rxb3 {[%emt 0:00:11]} 48. cxb3 {[%emt 0:00:01]} Be5 {[%emt 0:00:09]} 49. h3 {[%emt 0:00:16]} Kd5 {[%emt 0:00:24]} 50. Kd2 {[%emt 0:00:26]} Ke4 {[%emt 0:00:55]} 51. b7 {[%emt 0:00:27]} Bb8 {[%emt 0:00:30]} 52. Bxh6 {[%emt 0:01:02]} Kd4 1-0

[Event "WSCC  M65 2019"]
[Site "Bucharest"]
[Date "2019.11.12"]
[Round "1.38"]
[White "Kalegin, Evgenij"]
[Black "Hjertenes, Oystein"]
[Result "1-0"]
[WhiteElo "2431"]
[BlackElo "2001"]
[Annotator "TA"]
[PlyCount "63"]
[EventDate "2019.11.12"]
[EventType "swiss"]
[EventCountry "ROU"]
[SourceTitle "playchess.com"]
[Source "ChessBase"]
[SourceQuality "1"]

{[%evp 9,67,70,71,58,62,63,75,69,73,60,99,66,85,79,101,101,143,135,169,163,172,162,180,162,243,246,285,293,531,541,691,433,756,430,1089,1077,1022,820,832,810,808,783,29983,29984,29984,29985,29992,29990,29990,29991,29992,29989,29989,29990,29987,2740,29993,1162,29996,29997]} 1. e4 g6 2. d4 Bg7 3. Nf3 c6 4. c4 d6 5. Nc3 Nd7 6. Bg5 {A42: Modern Defence: Averbakh Variation} (6. Be2 e5 7. O-O Ngf6 8. Re1 O-O 9. Bf1 a6 10. d5 c5 11. g3 Ne8 12. Bg2 Rb8 13. a3 b6 14. Rb1 h6 15. b4 Kh7 16. Qc2 Qc7 17. Qd3 Ra8 18. Bd2 {1-0 (47) Deac,B (2559)-Nevednichy,V (2541) Medias 2016}) 6... f6 7. Be3 Nh6 8. h3 {White is better.} Nf7 $146 ({Predecessor:} 8... O-O 9. Qd2 Nf7 10. g4 e5 11. d5 cxd5 12. cxd5 Nb6 13. Bd3 Bd7 {½-½ (53) Drolet,S (2071)-Yao,S (1965) Quebec 2017}) 9. d5 c5 10. Nd2 O-O 11. Be2 Nb8 12. h4 h6 13. Nf1 Na6 14. Ng3 Nc7 15. f4 Rb8 16. Qc2 Nh8 (16... Qe8 $142 17. O-O Bd7) 17. f5 $18 g5 18. e5 Bd7 $2 (18... dxe5 19. Bxc5 b6) 19. e6 Be8 20. a4 b6 (20... Na6 $142 21. Nge4 Nb4) 21. Nh5 a6 (21... Bxh5 $142 22. Bxh5 a6) 22. Nxg7 Kxg7 23. Ne4 g4 24. Qd2 Kh7 25. Bxh6 Rg8 {[#]} 26. Ng5+ $1 {[%mdl 512]} fxg5 27. hxg5 Rg6 28. fxg6+ Nxg6 {[#]} 29. Bd3 $1 Kg8 30. Bxg6 Bxg6 31. Qc3 {[%csl Gh6][%cal Rc3g7]} Ne8 {[#]} 32. Rf1 {Played: Bh6-f8} 1-0

[Event "WSCC  M65 2019"]
[Site "Bucharest"]
[Date "2019.11.12"]
[Round "1.39"]
[White "Carlsten, Peter"]
[Black "Garcia Palermo, Carlos"]
[Result "0-1"]
[WhiteElo "2000"]
[BlackElo "2421"]
[Annotator "NA"]
[PlyCount "104"]
[EventDate "2019.11.12"]
[EventType "swiss"]
[EventCountry "ROU"]
[SourceTitle "playchess.com"]
[Source "ChessBase"]
[SourceQuality "1"]
[TimeControl "40/5400+30:1800+30"]

1. e4 {[%emt 0:00:00]} c6 {[%emt 0:00:00]} 2. d4 {[%emt 0:01:38]} d5 {[%emt 0:00:18]} 3. Nc3 {[%emt 0:00:30]} dxe4 {[%emt 0:00:30]} 4. Nxe4 {[%emt 0:00:30]} Bf5 {[%emt 0:00:30]} 5. Ng3 Bg6 6. Nf3 {[%emt 0:01:00]} Nf6 {[%emt 0:00:01]} 7. h4 {[%emt 0:08:21]} h6 {[%emt 0:00:06]} 8. h5 {[%emt 0:00:23]} Bh7 {[%emt 0:00:05]} 9. Bd3 {[%emt 0:00:13]} Bxd3 {[%emt 0:00:16]} 10. Qxd3 {[%emt 0:00:03]} e6 {[%emt 0:00:15]} 11. Bd2 {[%emt 0:00:51]} Nbd7 {[%emt 0:04:16]} 12. O-O-O {[%emt 0:00:42]} Bd6 {[%emt 0:00:13]} 13. Ne4 {[%emt 0:00:33]} Bc7 {[%emt 0:00:29]} 14. Kb1 {[%emt 0:02:49]} Nxe4 {[%emt 0:00:37]} 15. Qxe4 {[%emt 0:00:07]} Nf6 {[%emt 0:00:07]} 16. Qe2 {[%emt 0:00:50]} Qd5 {[%emt 0:00:19]} 17. c4 {[%emt 0:13:43]} Qe4+ {[%emt 0:07:42]} 18. Qxe4 {[%emt 0:01:02]} Nxe4 {[%emt 0:00:30]} 19. Be3 {[%emt 0:10:02]} O-O {[%emt 0:00:32]} 20. Nd2 {[%emt 0:00:43]} Nd6 {[%emt 0:08:39]} 21. Bf4 {[%emt 0:06:03]} Rac8 {[%emt 0:00:40]} 22. c5 {[%emt 0:07:14]} Ne4 {[%emt 0:04:29]} 23. Be3 {[%emt 0:07:49]} Nf6 {[%emt 0:01:59]} 24. f3 {[%emt 0:01:10]} Rcd8 {[%emt 0:01:54]} 25. Ne4 {[%emt 0:04:02]} Nd5 {[%emt 0:08:07]} 26. Bf2 {[%emt 0:00:21]} Rd7 {[%emt 0:02:45]} 27. g3 {[%emt 0:04:53]} f5 {[%emt 0:01:35]} 28. Nc3 {[%emt 0:02:22]} Nf6 {[%emt 0:00:42]} 29. Rde1 {[%emt 0:05:07]} Re8 {[%emt 0:00:47]} 30. f4 {[%emt 0:04:19]} b6 {[%emt 0:05:49]} 31. b4 {[%emt 0:00:47]} bxc5 {[%emt 0:02:31]} 32. dxc5 {[%emt 0:03:49]} Ng4 {[%emt 0:08:14]} 33. Rhf1 {[%emt 0:11:38]} Rd3 {[%emt 0:01:53]} 34. Kc2 {[%emt 0:01:04]} Nxf2 {[%emt 0:08:16]} 35. Rxf2 {[%emt 0:00:15]} Rxg3 {[%emt 0:00:04]} 36. Rd1 {[%emt 0:00:52]} Re7 {[%emt 0:01:50]} 37. Ne2 {[%emt 0:00:21]} Rg4 {[%emt 0:02:50]} 38. Nd4 {[%emt 0:00:32]} Bxf4 {[%emt 0:00:19]} 39. Nxc6 {[%emt 0:00:18]} Rc7 {[%emt 0:00:44]} 40. Nd8 {[%emt 0:00:00]} Be3 {[%emt 0:00:00]} 41. Rf3 {[%emt 0:08:17]} f4 {[%emt 0:32:22]} 42. Nxe6 {[%emt 0:02:04]} Re7 {[%emt 0:00:12]} 43. Rd8+ {[%emt 0:16:06]} Kf7 {[%emt 0:00:17]} 44. Nd4 {[%emt 0:00:10]} Rg2+ {[%emt 0:02:14]} 45. Kb3 {[%emt 0:01:33]} Rd2 {[%emt 0:11:34]} 46. Nc6 {[%emt 0:00:26]} Rxd8 {[%emt 0:00:11]} 47. Nxd8+ {[%emt 0:00:05]} Kf6 {[%emt 0:00:13]} 48. Kc4 {[%emt 0:00:34]} Kf5 {[%emt 0:00:38]} 49. Nc6 {[%emt 0:00:35]} Rc7 {[%emt 0:02:24]} 50. Nd8 {[%emt 0:05:02]} Rd7 {[%emt 0:01:55]} 51. Nc6 {[%emt 0:00:21]} Rd1 {[%emt 0:00:53]} 52. Ne7+ {[%emt 0:01:52]} Kg4 {[%emt 0:00:34] Kd4} 0-1

[Event "WSCC  M65 2019"]
[Site "Bucharest"]
[Date "2019.11.12"]
[Round "1.40"]
[White "Kristiansen, Jens"]
[Black "Buxade Roca, Guillermo"]
[Result "1-0"]
[WhiteElo "2411"]
[BlackElo "1995"]
[Annotator "ChessBase"]
[PlyCount "77"]
[EventDate "2019.11.12"]
[EventType "swiss"]
[EventCountry "ROU"]
[SourceTitle "playchess.com"]
[Source "ChessBase"]
[SourceQuality "1"]
[TimeControl "40/5400+30:1800+30"]

1. Nf3 {[%emt 0:00:00]} c5 {[%emt 0:00:31]} 2. g3 {[%emt 0:00:04]} Nc6 {[%emt 0:00:30]} 3. Bg2 {[%emt 0:00:30]} g6 {[%emt 0:00:30]} 4. O-O {[%emt 0:00:30]} Bg7 5. e4 d6 {[%emt 0:01:00]} 6. c3 {[%emt 0:02:15]} Nf6 {[%emt 0:04:20]} 7. d4 {[%emt 0:03:01]} O-O {[%emt 0:00:36]} 8. d5 {[%emt 0:02:57]} Ne5 {[%emt 0:03:48]} 9. Nxe5 {[%emt 0:00:36]} dxe5 {[%emt 0:00:08]} 10. c4 {[%emt 0:02:26]} Ne8 {[%emt 0:08:58]} 11. Nc3 {[%emt 0:02:31]} Nd6 {[%emt 0:00:33]} 12. Qe2 {[%emt 0:01:15]} Bd7 {[%emt 0:02:29]} 13. Be3 {[%emt 0:05:17]} Qc8 {[%emt 0:00:29]} 14. Rac1 {[%emt 0:10:36]} a6 {[%emt 0:05:51]} 15. f4 {[%emt 0:06:22]} b5 {[%emt 0:02:49]} 16. b3 {[%emt 0:00:52]} bxc4 {[%emt 0:04:57]} 17. bxc4 {[%emt 0:00:28]} Rb8 {[%emt 0:02:11]} 18. Kh1 {[%emt 0:06:26]} Rb4 {[%emt 0:02:32]} 19. Nd1 {[%emt 0:00:28]} Qc7 {[%emt 0:09:57]} 20. Nf2 {[%emt 0:04:52]} Rfb8 {[%emt 0:01:39]} 21. Nd3 {[%emt 0:03:33]} Rxc4 {[%emt 0:08:17]} 22. fxe5 {[%emt 0:02:12]} Rxc1 {[%emt 0:05:40]} 23. Rxc1 {[%emt 0:00:15]} Nb7 {[%emt 0:00:52]} 24. Bf4 {[%emt 0:04:21]} e6 {[%emt 0:01:18]} 25. d6 {[%emt 0:04:12]} Qa5 {[%emt 0:00:38]} 26. Qf2 {[%emt 0:04:58]} Qa4 {[%emt 0:01:47]} 27. h4 {[%emt 0:06:20]} h5 {[%emt 0:02:15]} 28. Nxc5 {[%emt 0:06:12]} Nxc5 {[%emt 0:00:11]} 29. Rxc5 {[%emt 0:00:21]} Rb1+ {[%emt 0:03:24]} 30. Kh2 {[%emt 0:00:15]} Ra1 {[%emt 0:01:13]} 31. Rc2 {[%emt 0:02:23]} Qa5 {[%emt 0:07:44]} 32. Qa7 {[%emt 0:03:42]} Qa4 {[%emt 0:04:20]} 33. Rc7 {[%emt 0:02:41]} Rxa2 {[%emt 0:00:20]} 34. Rxd7 {[%emt 0:00:30]} Qc2 {[%emt 0:01:22]} 35. Qg1 {[%emt 0:00:13]} Qxe4 {[%emt 0:00:12]} 36. Kh1 {[%emt 0:01:39]} Qa4 {[%emt 0:01:17]} 37. Rc7 {[%emt 0:00:28]} Ra1 {[%emt 0:01:33]} 38. Rc1 {[%emt 0:00:22]} Ra2 {[%emt 0:01:17]} 39. Qd1 {[%emt 0:00:50]} 1-0

[Event "WSCC  M65 2019"]
[Site "Bucharest"]
[Date "2019.11.12"]
[Round "1.41"]
[White "Melkeraen, Terje"]
[Black "Chevelevitch, Evgueni"]
[Result "0-1"]
[WhiteElo "1991"]
[BlackElo "2411"]
[Annotator "TA"]
[PlyCount "16"]
[EventDate "2019.11.12"]
[EventType "swiss"]
[EventCountry "ROU"]
[SourceTitle "playchess.com"]
[Source "ChessBase"]
[SourceQuality "1"]

{[%evp 9,16,-10,-19,-33,-17,-214,-181,-183,-196]} 1. b3 e5 2. Bb2 Nc6 3. c4 g6 4. d3 (4. g3 Bg7 5. Bg2 Nge7 6. Nc3 O-O 7. e3 d6 8. Nge2 Be6 9. O-O d5 10. cxd5 Nxd5 11. Na4 Qe7 12. d4 exd4 13. Nxd4 Nxd4 14. Bxd4 Rfd8 15. Bxg7 Kxg7 16. Qd4+ Kg8 17. Nc5 c6 18. Nxe6 Qxe6 {½-½ (30) Navara,D (2734)-Ding,L (2805) Prague 2019}) 4... Bg7 5. Nf3 Nge7 6. g3 {A01: Nimzowitsch-Larsen Opening} O-O $146 ({Predecessor:} 6... d5 7. cxd5 Nxd5 8. Bg2 O-O 9. O-O f5 10. Nbd2 f4 {1-0 (18) Vachal,J (1957)-Pravda,K (1669) Klatovy 2016}) 7. Bg2 $2 {[#]} (7. h4 $11) 7... e4 $1 $19 {[%mdl 576] Discovered Attack} 8. Bxg7 (8. dxe4 Bxb2) 8... exf3 0-1

[Event "WSCC  M65 2019"]
[Site "Bucharest"]
[Date "2019.11.12"]
[Round "1.42"]
[White "Fernandez Garcia, Jose Luis"]
[Black "Bauner, Jan"]
[Result "1-0"]
[WhiteElo "2404"]
[BlackElo "1989"]
[Annotator "TA"]
[PlyCount "63"]
[EventDate "2019.11.12"]
[EventType "swiss"]
[EventCountry "ROU"]
[SourceTitle "playchess.com"]
[Source "ChessBase"]
[SourceQuality "1"]

{[%evp 9,63,83,131,107,118,125,148,144,165,154,164,132,157,141,140,131,130,130,130,129,147,150,216,218,239,224,246,238,238,234,236,227,215,210,235,234,234,231,225,211,229,211,316,335,386,383,368,379,400,315,475,496,447,287,262,264]} 1. e4 c6 2. d4 d5 3. Nc3 b5 4. e5 (4. a3 dxe4 5. Nxe4 Nf6 6. Bd3 g6 7. Bg5 Bg7 8. Nf3 O-O 9. Qd2 Bf5 10. Nxf6+ exf6 11. Be3 Bxd3 12. Qxd3 Nd7 13. d5 {0-1 (41) Belyakov,B (2487)-Howell,D (2644) Doha 2016}) 4... Na6 5. Be3 $146 ({Predecessor:} 5. a3 e6 6. f4 Qa5 7. Bd2 Nh6 8. Nf3 Bd7 9. Nxd5 Qd8 10. Nc3 Be7 11. Bd3 Nf5 12. Bxf5 exf5 {1-0 (68) Guerrero,F-Mihajlova,D Gibraltar 2006}) 5... g6 6. Qd2 {B15: Caro-Kann: 3 Nc3: 3...g6 and 3...dxe4 4 Nxe4 Nf6 5 Nxf6+ exf6} h5 7. Nxb5 Qb6 8. Nc3 {White is clearly better.} Nh6 9. Na4 Qb4 10. Bxa6 Qxa4 11. Bxc8 Rxc8 12. Nf3 e6 13. O-O Nf5 14. b3 Qa6 15. Bg5 Bg7 (15... c5 $16 {was called for.} 16. c4 dxc4) 16. Rac1 $18 O-O 17. c4 Rfe8 18. h3 dxc4 19. Rxc4 Ne7 20. Bxe7 Rxe7 21. Rfc1 Rd7 22. R1c2 Bf8 23. Qf4 Qb6 24. g4 hxg4 25. hxg4 c5 {[#]} (25... Be7 $142 26. Kg2 Qb7) 26. b4 $1 {[%cal Bb3b4,Bb4c5,Bc5c6][%mdl 544]} Rcd8 {[%cal Rc5d4]} (26... cxb4 27. Rxc8) 27. bxc5 Qc6 28. Nd2 Be7 29. Qf3 Qb5 (29... Qxf3 $142 30. Nxf3 Rc7) 30. c6 Rc7 31. Qb3 Qd5 32. Ra4 {Accuracy: White = 79%, Black = 34%.} 1-0